000 01397nam0a2200361 4500
001 RU\NLR\bibl\392276
005 20250622161012.0
010 _a5-8239-0096-1
_9500
021 _aRU
_b2003-7053
_9325
035 _a(NLR Aleph) 000386558
090 _a488880
_c488880
100 _a20030408d2002 |||y0rusy50 ca
101 1 _arus
102 _aRU
105 _aa |||||||||
200 1 _aПольская послевоенная повесть
_e[Сб.]
_fЕжи Завейский, Ежи Стефан Ставиньский, Ежи Нарбутт
_gПер. [и предисл.] Виктора Рутминского
210 _aЕкатеринбург
_aОмск
_cНаследие. Диалог-Сибирь
_d2002
215 _a208,[2] с.
_cил.
_d10
300 _aНа обл. авт. не указаны
327 0 _aВ кн. также: Экскурс по Варшаве
675 _a821.162.1-31
_v3
_zrus
686 _a17.82
_2rugasnti
686 _a84(4Пол)
_2rubbk
686 _aШ6(4П)77-440.4я43{Лх1129-50сб}
700 1 _aЗавейский
_bЕ.
_f1902-1969
_gЕжи
_4070
701 1 _aСтавиньский
_bЕ. С.
_f1921-
_gЕжи Стефан
_4070
701 1 _aНарбутт
_bЕ.
_gЕжи
_4070
801 0 _aRU
_bRKP
_c20030408
_gPSBO
801 1 _aRU
_bRKP
_c20030408
801 2 _aRU
_bNLR
_c20030609
_grcr
942 _cBOOK
980 _aNB